Montañas mas altas por país - Estadísticas

Estadísticas generales
  • Esta prueba ha sido intentada 20 veces
  • La puntuación promedio es 9 de 196
Estadísticas de respuestas
Europa Respuesta % Correcto
España Teide
81%
China | Nepal Everest
75%
Francia | Italia Mont Blanc
63%
Argentina Aconcagua
56%
Pakistán K2
56%
Rusia Elbrús
50%
Estados Unidos Denali
38%
Japón Fuji
31%
Reino Unido Ben Nevis
25%
Ecuador Chimborazo
25%
Chipre Olimpo
25%
Alemania Zugspitze
19%
Turquía Ararat
13%
Ciudad del Vaticano Colina Vaticana
13%
Andorra Comapedrosa
13%
Perú Huascarán
13%
Canadá Logan
13%
Bolivia Nevado Sajama
13%
Chile Ojos del Salado
13%
Guyana Roraima
13%
Antigua y Barbuda Boggy Peak
6%
Uruguay Cerro Catedral
6%
Paraguay Cerro Peró
6%
Irán Damavand
6%
Austria Grossglockner
6%
Corea del Sur Hallasan
6%
Surinam Juliana Top
6%
Albania | Macedonia del Norte Korab
6%
Portugal Montaña del Pico
6%
Venezuela Pico Bolívar
6%
Colombia Pico Cristóbal Colón
6%
Brasil Pico da Neblina
6%
Cuba Pico Turquino
6%
Polonia Rysy
6%
San Marino Titano
6%
Panamá Volcán Barú
6%
Ghana Afadjato
0%
Togo Agou
0%
Bahamas Alvernia
0%
Filipinas Apo
0%
Armenia Aragats
0%
Turkmenistán Ayrybaba
0%
Moldavia Balanesti
0%
Kiribati Banaba
0%
Azerbaiyán Bazarduzu
0%
Gabón Bengoué
0%
Libia Bikku Bitti
0%
Mozambique Binga
0%
Sierra Leona Bintumani
0%
Brunéi Bukit Pagon
0%
Singapur Bukit Timah
0%
Irlanda Carrauntuohill
0%
Egipto Catalina
0%
Costa Rica Cerro Chirripó
0%
El Salvador Cerro El Pital
0%
Honduras Cerro Las Minas
0%
Botsuana Cerro Otse
0%
Zambia Cerros Mafinga
0%
Nigeria Chappal Waddi
0%
Irak Cheekha Dar
0%
Mónaco Chemin des Révoires
0%
México Citlaltépetl
0%
Lituania Colina Aukstojas
0%
Letonia Colina Gaizina
0%
Nauru Command Ridge
0%
Nueva Zelanda Cook
0%
Sudán Deriba
0%
Croacia Dinara
0%
Túnez Djebel Chambi
0%
Tailandia Doi Inthanon
0%
Belice Doyle's Delight
0%
Bielorrusia Dzyarzhynskaya
0%
Trinidad y Tobago El Cerro del Aripo
0%
Chad Emi Koussi
0%
Esuatini Emlembe
0%
Camerún Fako
0%
Vietnam Fansipan
0%
Timor Oriental Foho Tatamailau
0%
Noruega Galdhopiggen
0%
Bután Gangkhar Puensum
0%
Eslovaquia Gerlachovsky stít
0%
Liechtenstein Grauspitz
0%
Finlandia Halti
0%
Burundi Heha
0%
Israel Hermón
0%
Siria Hermon
0%
Barbados Hillaby
0%
Birmania Hkakabo Razi
0%
Malí Hombori Tondo
0%
Ucrania Hoverla
0%
Islandia Hvannadalshnjúkur
0%
Baréin Jabal ad-Dukhan
0%
Yemen Jabal an Nabi Shu'ayb
0%
Emiratos Árabes Unidos Jabal Bil Ays
0%
Arabia Saudita Jabal Sawda
0%
Jordania Jabal Umm ad Dami
0%
Omán Jebel Shams
0%
Kirguistán Jengish Chokusu
0%
India Kanchenjunga
0%
Tonga Kao
0%
Ruanda Karisimbi
0%
Comoras Karthala
0%
Suecia Kebnekaise
0%
Mauritania Kediet Ijill
0%
Hungria Kékes
0%
Kazajistán Khan Tengri
0%
Uzbekistán Khazret Sultan
0%
Malasia Kinabalu
0%
Sudán del Sur Kinyeti
0%
Luxemburgo Kneiff
0%
Namibia Konigstein
0%
Australia Kosciuszko
0%
San Vincente y las Granadinas La Soufrière
0%
Islas Marshall Likiep
0%
Sudáfrica Mafadi
0%
Bosnia y Herzegovina Maglic
0%
Madagascar Maromokotro
0%
Serbia Midzor
0%
Nicaragua Mogotón
0%
Rumanía Moldoveanu
0%
Dinamarca Mollehoj
0%
Santa Lucia Monte Gimie
0%
San Cristobal y Nieves Monte Liamuiga
0%
Samoa Monte Silisili
0%
Guinea-Bisaú Monte Torin
0%
Maldivas Monte Villingili
0%
Níger Mont Idoukal-n-Taghès
0%
Dominica Morne Diablotins
0%
Seychelles Morne Seychellois
0%
Angola Morro do Moco
0%
Yibuti Mousa Ali
0%
Bangladés Mowdok Mual
0%
Bulgaria Musala
0%
Kuwait Mutla
0%
República del Congo Nabemba
0%
Estados Federados de Micronesia Nahnalaud
0%
República Centroafricana Ngaoui
0%
Palaos Ngerchelchuus
0%
Tuvalu Niulakita
0%
Afganistán Nowshak
0%
Zimbabue Nyangani
0%
Corea del Norte Paektu
0%
Camboya Phnom Aural
0%
Laos Phou Bia
0%
Guinea Ecuatorial Pico Basilé
0%
Kenia Pico Batian
0%
Jamaica Pico Blue Mountain
0%
Santo Tomé y Príncipe Pico de Sao Tomé
0%
Cabo Verde Pico do Fogo
0%
Republica Dominicana Pico Duarte
0%
Suiza Pico Dufour
0%
Tayikistán Pico Ismail Samani
0%
Mongolia Pico Juiten
0%
Haití Pico la Selle
0%
República Democrática del Congo | Uganda Pico Margherita
0%
Grecia Pico Mitikas
0%
Tanzania Pico Uhuru
0%
Sri Lanka Pidurutalagala
0%
Mauricio Piton de la Petite Rivière Noire
0%
Islas Salomón Popomanaseu
0%
Indonesia Puncak Jaya
0%
Catar Qurayn Abu al Bawl
0%
Líbano Qurnat as Sawda'
0%
Etiopía Ras Dejen
0%
Costa de Marfil | Guinea Richard-Molard
0%
Granada Saint Catherine
0%
Malaui Sapitwa
0%
Países Bajos Scenery
0%
Somalia Shimbiris
0%
Georgia Shjara
0%
Bélgica Signal de Botrange
0%
República Checa Snezka
0%
Eritrea Soira
0%
Benín Sokbaro
0%
Estonia Suur Munamagi
0%
Vanuatu Tabwemasana
0%
Malta Ta'Dmejrek
0%
Argelia Tahat
0%
Burkina Faso Tena Kourou
0%
Lesoto Thabana Ntlenyana
0%
Fiyi Tomanivi
0%
Eslovenia Triglav
0%
Marruecos Tubqal
0%
Gambia | Senegal Ubicacion sin nombre
0%
Kosovo Velika Rudoka
0%
Guatemala Volcán Tajumulco
0%
Papúa Nueva Guinea Wilhelm
0%
Liberia Wuteve
0%
Taiwán Yu Shan
0%
Montenegro Zla Kolata
0%
No se encontraron pruebas coincidentes
Distribución de puntuación
Porcentaje de gente con cada puntuación
Porcentaje por número respondido
Historial de tus puntuaciones
No has intentado esta prueba.